000 00838nmm a2200277 a 4500
001 ocm000655876
003 TR-IsHL
005 20201028123350.0
008 130902s2012 tu tur
007 cr cn
020 _a9786054503032
035 _a655876
_b(N$T)
050 0 4 _aPL248.E79
_bT4 2012
090 0 4 _aPL248.E79
_bT4 2012
100 1 _aEryıldız, Engin
245 1 0 _aTemas
_h[electronic resource] /
_cEngin Eryıldız
250 _a1. bs.
260 _aİstanbul :
_bArunas Yayıncılık,
_c2012
300 _a332 p.
650 4 _aDil ve Edebiyat
650 4 _aLanguage and Literature
650 0 _aTürk romanı
650 0 _aTurkish fiction
650 7 _aLITERARY COLLECTIONS / Middle Eastern
_2bisacsh
856 4 0 _uhttp://search.ebscohost.com/login.aspx?direct=true&scope=site&db=e011xww&AN=655876
999 _c2366
_d2366